Computers in geometry and topology
Guardat en:
| Autor principal: | |
|---|---|
| Format: | Llibre |
| Idioma: | anglès |
| Publicat: |
Nueva York
Marcel Dekker
1989
|
| Col·lecció: | Lecture Notes in Pure and Applied Mathematics, 114
|
| Matèries: | |
| Etiquetes: |
Afegir etiqueta
Sense etiquetes, Sigues el primer a etiquetar aquest registre!
|
MARC
| LEADER | 00000nam a2200000 a 4500 | ||
|---|---|---|---|
| 001 | UCU0735 | ||
| 003 | CL-VaPUC | ||
| 008 | 960329e19890000US |||||||||||||||||eng|d | ||
| 082 | 0 | 4 | |a 516.04 |b TAN |2 21 |
| 100 | 0 | |a Tangora, Martin C |e author |9 356138 | |
| 245 | 1 | 0 | |a Computers in geometry and topology |
| 300 | |a 317 p | ||
| 942 | |c BK | ||
| 945 | |d 19960329 00:00:00 |a rbrito | ||
| 260 | |a Nueva York |b Marcel Dekker |c 1989 | ||
| 650 | 0 | |a Geometría |9 264063 | |
| 650 | 0 | |a Topología |9 260092 | |
| 650 | 0 | |a Algoritmos |9 260639 | |
| 650 | 0 | |a Álgebra |9 259567 | |
| 583 | |a last modification |c 19960329 00:00:00 |k Rodrigo Vera | ||
| 490 | 0 | |a Lecture Notes in Pure and Applied Mathematics, 114 | |
| 999 | |c 245549 |d 245547 | ||
| 952 | |0 0 |1 0 |4 0 |6 516_040000000000000_TAN_1989 |7 0 |8 A |9 260089 |a BIBMAT |b BIBMAT |d 2019-11-19 |i 318434K |o 516.04 TAN 1989 |p 318434K |r 2025-01-07 |w 2019-11-19 |y BK |k MAT | ||